00676 2200241 4500001002100000005001500021035002000036007000300056008004100059020002200100082000800122084001400130100001800144245009300162260003400255300003400289650003100323700001800354700000900372520003100381990001100412990001100423INLIS00000000000318320190220100800 a0010-0219000125ta190220 g 0 ind  a979-602-9434-61-3 a920 a920 KUN b0 aKUNCORO, Hadi1 aBuku Pintar Super Lengkap Pahlawan Nasional /cKuncoro Hadi, Sustianingsih; editor, Qoni aYogyakarta :bFamilia,c[s.a] axii, 491 hlm :bilus ;c20 cm aBIOGRAFI PAHLAWAN NASIONAL0 aSUSTIANINGSIH0 aQONI aBilbliografi: hlm. 485-491 a6514 a a6514 b